Представление документа в формате RUSMARC

ПолеНазваниеЗначение
  Тип записи a
  Библиографический уровень m
001 Контрольный номер 6a40c5c255b14eeab75c108e5fe37ebf
005 Дата корректировки 20150129120717.2
010 Индекс ISBN __
a ISBN 5-314-00042-3
101 Язык документа 0_
a Язык текста rus
102 Страна публикации __
a Страна публикации RU
200 Заглавие и сведения об ответственности 1_
a Заглавие Экономика труда
b Общее обозначение материала Текст
f Первые сведения об ответственности Под ред. Винокурова М.А., Горелова Н.А.
210 Выходные данные 1_
a Место издания СПб
c Издательство Питер
d Дата издания 2004
215 Физическое описание __
a Объем 656 с.
c Иллюстрации/тип воспроизводства ил.
300 Общие примечания __
a Общие примечания (Серия "Учебник для вузов")
610 Ключевые слова 0_
a Ключевые слова предмет и задачи экономики труда
a Ключевые слова основные характеристики труда
a Ключевые слова рынок труда
a Ключевые слова управление трудом на предприятии
a Ключевые слова трудовое вознаграждение
a Ключевые слова доходы, уровень и качество жизни населения
a Ключевые слова антикризисное управление трудом и реструктуризация системы занятости на предприятии
a Ключевые слова реинжиниринг бизнес процессов
a Ключевые слова анализ социально-трудовых показателей
a Ключевые слова основы предпринимательского труда
a Ключевые слова организация и нормирование труда работников
686 Индексы других классификаций __
a Классификационный индекс 65.9(2)24я73
801 Источник записи _0
a Страна RU
b Организация РУК
g Правила каталогизации PSBO
801 Источник записи _1
a Страна RU
b Организация РУК
g Правила каталогизации PSBO
852 Данные о местонахождении __
i Авторский знак Э40
j Шифр хранения 65.9
901 Тип документа __
t Тип документа m
937 Технологическая информация __
a Создатель записи (имя) Бегун
938 Служебная информация __
a Название организации Калининградский филиал
952 Тип литературы __
b Гриф литературы для ВШ гриф МО